| 000 | 01186cam a22002651i 4500 | ||
|---|---|---|---|
| 003 | SA-RiAUC | ||
| 005 | 20241002141723.0 | ||
| 008 | 241001s2002 le g 00000bara c | ||
| 040 |
_aSD-KhSNL _bara _cSA-RiAUC _erda |
||
| 082 | 0 | 4 |
_a922.6 _qSA-RiAUC |
| 090 |
_a922.6 _bع ب د |
||
| 100 | 1 |
_aعبد المجيد، شوقي بشير _eمؤلف. |
|
| 245 | 1 | 2 |
_aالشيخ السلطان أبو يزيد البسطامي : _bحياته، آثاره، طريقته البسطامية، شطحاته وآراء الفقهاء فيها / _cشوقي بشير عبد المجيد. |
| 250 | _aالطبعة الأولى. | ||
| 264 | 1 |
_aبيروت ؛ _aدمشق : _bدار الألباب، _c2002 |
|
| 300 |
_a255 صفحة ؛ _c24 سم |
||
| 336 |
_aنص _btxt _2rdacontent _3كتاب |
||
| 337 |
_aبدون وسيط _bn _2rdamedia |
||
| 338 |
_aمجلد _bnc _2rdacarrier |
||
| 600 | 1 | 7 |
_aأبو يزيد البسطامي، طيفور بن عيسى، _d188-261 هجري _2aucnm |
| 650 | 7 |
_aالمتصوفون _zالسودان _vتراجم _2aucsh |
|
| 650 | 7 |
_aالطيفورية (طرق صوفية) _zالسودان _2aucsh |
|
| 942 |
_2ddc _cBOOK _n0 |
||
| 949 |
_aSA-JeALM _d241001 _umohamedma123 _n1 |
||
| 999 |
_c805 _d805 |
||